000 00936nam a22002777a 4500
005 20100602103340.0
008 100602t xxu||||| |||| 00| 0 eng d
010 _aENG-96264
020 _a9780070700642
_c275.00
020 _a0070700648
_c275.00
035 _aEN-79797
037 _bDBAD/PUB
040 _aDPL
082 _a658.4012
100 _aCapezio, Peter J.
245 _aManager's guide to business planning /
_cby Peter J. Capezio
260 _aNew Delhi
_bTata Mcgraw Hill
_c2010
270 _a7, West Patel Nagar
_bNew Delhi
_e110008
300 _axiii, 190p. :
_bill.
_c22 cm (pbk)
500 _aincludes index
650 _aSmall business
_xPlanning.
650 _aSmall business
_xManagement.
650 _a Business planning.
942 _2ddc
_cEN
_mCAP
_h658.4012
999 _c36460
_d36460